Psychology

Bibliographic Details
Main Author: Sperling, Abraham P
Other Authors: Martin, Kenneth
Format: Book
Published: Oxford : Butterworth-Heinemann Ltd. , 1982
Series:Made Simple Book
Subjects:

MARC

LEADER 00000cam a2200000 7i4500
001 0000008759
002 000009551
005 20000330.0
020 |a 0750607203 
090 0 0 |a 150   |b SPE 
100 1 |a Sperling, Abraham P 
245 1 0 |a Psychology   |c Abraham P.Sperling 
260 |a Oxford :   |b Butterworth-Heinemann Ltd. ,   |c 1982 
300 |a 282p. ;   |c 22cm. 
490 0 |a Made Simple Book 
650 0 0 |a Psychology 
700 1 |a Martin, Kenneth 
999 |a 041712   |b BUKU   |c PINJAMAN   |e PERPUSTAKAAN KOMUNITI PETALING JAYA 
999 |a 042929   |b BUKU   |c PINJAMAN   |e PERPUSTAKAAN KOMUNITI PETALING JAYA